<?xml version="1.0" encoding="UTF-8"?><?xml-stylesheet type="text/xsl" href="static/style.xsl"?><OAI-PMH xmlns="http://www.openarchives.org/OAI/2.0/" xmlns:xsi="http://www.w3.org/2001/XMLSchema-instance" xsi:schemaLocation="http://www.openarchives.org/OAI/2.0/ http://www.openarchives.org/OAI/2.0/OAI-PMH.xsd"><responseDate>2026-04-17T06:44:01Z</responseDate><request verb="GetRecord" identifier="oai:www.recercat.cat:2117/333459" metadataPrefix="marc">https://recercat.cat/oai/request</request><GetRecord><record><header><identifier>oai:recercat.cat:2117/333459</identifier><datestamp>2025-07-17T16:57:13Z</datestamp><setSpec>com_2072_1033</setSpec><setSpec>col_2072_452951</setSpec></header><metadata><record xmlns="http://www.loc.gov/MARC21/slim" xmlns:dcterms="http://purl.org/dc/terms/" xmlns:xsi="http://www.w3.org/2001/XMLSchema-instance" xmlns:doc="http://www.lyncode.com/xoai" xsi:schemaLocation="http://www.loc.gov/MARC21/slim http://www.loc.gov/standards/marcxml/schema/MARC21slim.xsd">
   <leader>00925njm 22002777a 4500</leader>
   <datafield ind2=" " ind1=" " tag="042">
      <subfield code="a">dc</subfield>
   </datafield>
   <datafield ind2=" " ind1=" " tag="720">
      <subfield code="a">Montserrat Cortázar, Laia</subfield>
      <subfield code="e">author</subfield>
   </datafield>
   <datafield ind2=" " ind1=" " tag="260">
      <subfield code="c">2020-10-02</subfield>
   </datafield>
   <datafield ind2=" " ind1=" " tag="520">
      <subfield code="a">Projecte situat a Sant Just Desvern, en un gran buit d'oportunitat que es troba a cavall entre el centre històric i el teixit de ciutat jardí/dormitori que s’estén per la falda de Collserola. La parcel•la, antics horts associats a un mas, ha estat recentment reconvertida en mans de l’Ajuntament (2019) en l’anomenat Parc de Can Freixes, nom que ve donat per la preexistència d’una antiga masia pendent de rehabilitació. El programa resol 27 habitatges amb serveis per a usuaris sènior, associats a un equipament que engloba usos comunitaris a més de públics dins Can Freixes. Es tracta d’una intervenció en clau urbanística, on els habitatges semisoterrats dins el talús existent resolen les comunicacions transversals i longitudinals del parc mitjançant el seu sistema d’agregació, fent partícip la masia a través del seu nucli vertical. A més, les seves cobertes verdes transitables permeten la seva integració en el paisatge, evocant la imatge tradicional d’una comunitat treballant la seva terra, ara convertida en horts urbans. La mateixa voluntat de recuperar la tradició és la que fa que l’arquitectura d’obra nova segueixi els principis passius de l’arquitectura vernacular tan ben implementats en la lògica constructiva de la masia.</subfield>
   </datafield>
   <datafield tag="653" ind2=" " ind1=" ">
      <subfield code="a">Àrees temàtiques de la UPC::Urbanisme::Projecte urbà</subfield>
   </datafield>
   <datafield tag="653" ind2=" " ind1=" ">
      <subfield code="a">Àrees temàtiques de la UPC::Edificació::Rehabilitació d'edificis</subfield>
   </datafield>
   <datafield tag="653" ind2=" " ind1=" ">
      <subfield code="a">Àrees temàtiques de la UPC::Arquitectura::Tipologies d'edificis::Habitatges</subfield>
   </datafield>
   <datafield tag="653" ind2=" " ind1=" ">
      <subfield code="a">Older people -- Dwellings -- Spain -- Sant Just Desvern</subfield>
   </datafield>
   <datafield tag="653" ind2=" " ind1=" ">
      <subfield code="a">Farmhouses -- Remodeling for other use -- Spain -- Sant Just Desvern</subfield>
   </datafield>
   <datafield tag="653" ind2=" " ind1=" ">
      <subfield code="a">Public buildings -- Spain -- Sant Just Desvern</subfield>
   </datafield>
   <datafield tag="653" ind2=" " ind1=" ">
      <subfield code="a">Habitatges</subfield>
   </datafield>
   <datafield tag="653" ind2=" " ind1=" ">
      <subfield code="a">Gent gran</subfield>
   </datafield>
   <datafield tag="653" ind2=" " ind1=" ">
      <subfield code="a">Equipaments públics</subfield>
   </datafield>
   <datafield tag="653" ind2=" " ind1=" ">
      <subfield code="a">Persones grans -- Habitatges -- Catalunya -- Sant Just Desvern</subfield>
   </datafield>
   <datafield tag="653" ind2=" " ind1=" ">
      <subfield code="a">Masos, masies, etc. -- Reconversió -- Catalunya -- Sant Just Desvern</subfield>
   </datafield>
   <datafield tag="653" ind2=" " ind1=" ">
      <subfield code="a">Edificis públics -- Catalunya -- Sant Just Desvern</subfield>
   </datafield>
   <datafield ind2="0" ind1="0" tag="245">
      <subfield code="a">Habitatges per a gent gran amb serveis comunitaris oberts al barri a Sant Just Desvern</subfield>
   </datafield>
</record></metadata></record></GetRecord></OAI-PMH>